[Event "Olympiad-33"]
[Site "Elista"]
[Date "1998.10.12"]
[Round "13.2"]
[White "Onischuk, Alexander"]
[Black "Akopian, Vladimir Eduardovic"]
[Result "1-0"]
[WhiteElo "2630"]
[BlackElo "2655"]
[Annotator "Ribli,Z"]
[PlyCount "53"]
[EventDate "1998.09.29"]
[EventType "team-swiss"]
[EventRounds "13"]
[EventCountry "RUS"]
[SourceTitle "CBM 068"]
[Source "ChessBase"]
[SourceDate "1999.02.01"]
[SourceVersion "1"]
[SourceVersionDate "1999.02.01"]
[SourceQuality "1"]
[WhiteTeam "Ukraine"]
[BlackTeam "Armenia"]
[WhiteTeamCountry "UKR"]
[BlackTeamCountry "ARM"]

1. c4 Nf6 2. Nc3 e5 3. Nf3 Nc6 4. g3 g6 $6 {Diese Fortsetzung ist meines
Erachtens schlechter als die Alternativen 4...Bb4 oder 4...d5. Ribli.} 5. d4
exd4 6. Nxd4 Bg7 7. Nxc6 (7. Nc2) 7... bxc6 8. Bg2 O-O 9. O-O {Weiß hat
besseres Figurenspiel, während sich Schwarz hat Entwicklungsproblemen
herumschlagen muß.} Re8 (9... Rb8 $5) (9... a5 $5) 10. Bf4 $5 {[%csl Gf4,Gg2] 
[#]Weiß entfaltet spürbaren Druck am Damenflügel.} (10. Qa4 $14) 10... Rb8 {
[%cal Rb8b2]} 11. Rb1 $5 (11. Qc2 Bb7 12. Rad1 c5 13. e4 d6 14. h3 Nd7 15. Rfe1
Ne5 16. b3 Nc6 17. Qd2 Nd4 18. Nb5 Nc6 19. Bh6 Bxh6 20. Qxh6 a6 21. Nc3 Nd4 22.
Qd2 Bc6 {1/2-1/2 Christiansen,L-Beckemeier,W/BL9596 1996/GER-chT (56)}) (11.
Qd2 Ba6 12. b3 d5 13. Rad1 Qe7 14. Qc2 Rbd8 15. Rfe1 Nh5 16. Bc1 Qb4 17. Bb2 d4
18. a3 Qa5 19. Ne4 Bc8 20. b4 Qf5 21. Qd3 a5 22. Nc5 axb4 23. axb4 Rd6 24. Qxf5
Bxf5 25. Rd2 {1-0 Uhlmann,W-Zapata,A/Thessaloniki 1988/TD (61)}) (11. b3 d5 $11
(11... Nh5 12. Bd2)) 11... Ng4 {Auf ersten Blick hat auch Schwarz gutes
Figurenspiel, aber in Wirklichkeit bleibt er ohne Gegenspiel.} 12. Qd2 $5 (12.
Qa4 Bxc3 13. bxc3 Rxb1 14. Rxb1 g5 15. Bd2 Rxe2 (15... Qf6 $5) 16. Qd1 Rxf2 17.
Bh3 Rxd2 18. Qxd2 Ne5 19. Qe2 f6 20. Rb8 $14 Kg7 21. c5 Qf8 22. Qe3 Qg8 23. Bf1
g4 24. Be2 h5 25. Kf2 Kg6 26. Qe4+ Kg7 27. a4 a5 28. Qd4 Kg6 29. Kf1 {1-0
Timman,J-Ernst,S/Rotterdam 1998/CBM 66 (45)}) 12... Ba6 {[%cal Ra6c4]} 13. h3 (
13. b3 $2 g5 {[%csl Rf4]} 14. Be3 (14. Bxg5 Bxc3 $19) 14... Nxe3 15. fxe3 Qe7
$17) 13... Nf6 (13... Ne5 14. b3 $14 {[%csl Re5]}) 14. b3 $14 d5 $6 {Jetzt ist
dieser Zug bereits zum Vorteil des Weißen. Schwarz kann sich allerdings ohne
ihn überhaupt keine Hoffnung auf Gegenspiel machen.} 15. cxd5 cxd5 16. Nxd5 (
16. Be3 $2 Rxe3 17. fxe3 (17. Qxe3 d4 $17) 17... c6 $15 {[%csl Re3,Rg1,Rg3,Gg7]
[%cal Rd8b6] Schwarz hätte mehr als ausreichenden Ersatz für die Qualität. Im
Lager des Anziehenden sind die weißen Felder schwach.}) 16... Rxe2 (16... Nxd5
17. Bxd5 Rxe2 18. Qa5 {Zugumstellung}) 17. Qa5 Nxd5 18. Bxd5 Rb6 (18... Rxa2 $2
19. Qxa2 Bxf1 {[%cal Rd8d5]} 20. Rd1 $1 {[%csl Rf1][%cal Rd1d8]} Bxh3 21. Bxf7+
Kxf7 22. Rxd8 Rxd8 $16) (18... Qc8 19. Bf3 Rc2 20. Rfc1 Rb5 21. Qa4 Rxc1+ (
21... Rbc5 22. Rxc2 Rxc2 23. Re1 c6 24. Qe4 Rxa2 25. Qe8+ Bf8 (25... Qxe8 26.
Rxe8+ Bf8 27. Bh6 $18) 26. Qxc8 Bxc8 27. Re8 $18 {[%csl Rc8,Ge8,Rf8,Rg8][%cal
Rf4h6,Re8c8,Re8f8]}) 22. Rxc1 c5 23. Be3 $16 {[%csl Ga4,Ra6,Rb5,Gc1,Rc5,Rc8,
Ge3,Gf3] Die schwarze Stellung ist extrem passiv und sein c5-Bauer schwach.})
19. Rfd1 Qe7 (19... Qf6 20. Rbc1 g5 21. Rxc7 (21. Be3 $5 Rxe3 22. fxe3 Qe5 23.
Kg2 $16) (21. Bxg5 $4 {In der Hoffnung auf 21...Qxg5 22.Bxf7+ mit Damengewinn.}
Qxf2+ $19) 21... gxf4 22. Rxf7 Qxf7 23. Bxf7+ Kxf7 24. Rd7+ Re7 25. Qf5+ (25.
Rxa7 $2 Bb7 $132 {[%csl Rg1][%cal Re7e1]} (25... Rxa7 26. Qxb6 $18)) 25... Ke8
26. Rxe7+ Kxe7 27. Qxh7 Kf7 28. g4 $16 {Schwarz hat Turm und Läuferpaar gegen
die Dame, aber die weißen Bauern sind stark.}) 20. Bf3 $1 $16 {[%csl Re2]} h6 {
Schwarz opfert die Qualität, aber guter Rat ist hier schon teuer.} (20... Ree6
21. Rbc1 {[%csl Rc7]} c6 22. Re1 $36) 21. Bxe2 Bxe2 (21... Qxe2 22. Rd8+ Kh7
23. Re1 $18 {Im folgenden kann Weiß 24.Qd5  ziehen und Schwarz hat keine
Kompensation für die Qualität.}) 22. Re1 Qe4 23. Rbd1 $1 $18 {[%cal Ge1e4] Die
weißen Felder am Königsflügel sind nur scheinbar schlecht und mit
Vereinfachungen verwertet Weiß seinen Materialvorteil.} Re6 24. Rd2 {[%csl Re2]
} Qf3 25. Qd5 {So kann Weiß Damentausch erzwingen.} Qxd5 26. Rxd5 {Schwarz hat
große Probleme, denn sein e2-Läufer ist gefesselt, so daß er entweder die
Türme tauschen oder den Läufer geben muß.} g5 27. Rd2 {Und Schwarz gab seine
hoffnungslose Stellung auf.} (27. Rd2 gxf4 28. Rexe2 $18 {Weiß hat eine leicht
gewonnene Stellung.}) 1-0

[Event "Helsinki op"]
[Site "Helsinki"]
[Date "1992.??.??"]
[Round "7"]
[White "Vladimirov, Yevgeniy"]
[Black "Savchenko, Stanislav"]
[Result "1-0"]
[WhiteElo "2585"]
[BlackElo "2505"]
[Annotator "Ribli,Z"]
[PlyCount "61"]
[EventDate "1992.09.??"]
[EventType "swiss"]
[EventRounds "9"]
[EventCountry "FIN"]
[SourceTitle "CBM 032"]
[Source "ChessBase"]
[SourceDate "1993.02.01"]
[SourceVersion "1"]
[SourceVersionDate "1993.02.01"]
[SourceQuality "1"]

1. c4 e5 2. Nc3 Nf6 3. g3 d5 4. cxd5 Nxd5 5. Bg2 Nb6 6. Nf3 Nc6 7. O-O Be7 8.
d3 O-O 9. a3 Be6 10. b4 a5 (10... Nd4 11. Bb2 Bb3 12. Qc1 Nxf3+ 13. Bxf3 c6 14.
Ne4 Nd7 15. d4 exd4 16. Bxd4 Bd5 17. Qb2 f6 18. Rfd1 $14 {Akopian-Jakovich
URS-ch 1991 53/43}) 11. b5 Nd4 12. Nd2 c6 13. bxc6 Nxc6 (13... bxc6 $2 14. e3
$16 {Hansen,C-Zueger,B Praga Bohemians-A 1989 CBM/12}) 14. Rb1 $1 (14. a4 Qd7
15. Nf3 Rac8 16. Rb1 Bb4 17. Bd2 f6 18. Nb5 $10 {Hansen,Cu-Romanishin,O
Tastrup 1992 CBM/28}) 14... a4 15. Bxc6 $1 bxc6 16. Qc2 c5 $6 (16... h5 $5) 17.
Rd1 Ra6 18. Nc4 $1 Nxc4 19. dxc4 Rd6 20. Rxd6 Qxd6 21. Nxa4 g6 22. e4 f5 23.
Be3 $1 Qc6 24. Rb6 Qc8 25. Bxc5 Bxc5 26. Nxc5 Qxc5 27. Rxe6 fxe4 28. Qd2 Qxc4
29. Rxe5 Qb3 30. Re7 $1 Qc4 31. Qh6 1-0

[Event "NED-ch54"]
[Site "Rotterdam "]
[Date "1999.05.30"]
[Round "2"]
[White "Reinderman, Dimitri"]
[Black "Peng, Zhaoqin"]
[Result "0-1"]
[WhiteElo "2541"]
[BlackElo "2452"]
[Annotator "Ribli,Z"]
[PlyCount "154"]
[EventDate "1999.05.29"]
[EventType "tourn"]
[EventRounds "11"]
[EventCountry "NED"]
[EventCategory "12"]
[SourceTitle "CBM 072"]
[Source "ChessBase"]
[SourceDate "1999.10.01"]
[SourceVersion "1"]
[SourceVersionDate "1999.10.01"]
[SourceQuality "1"]

{[%mdl 4128]} 1. c4 e5 2. Nc3 Nf6 3. Nf3 Nc6 4. g3 Bb4 {Eine positionelle
Variante. Die Alternative wäre 4...d5 und führt eigentlich zu Drachenvariante
der Sizilianische Verteidigung mit vertauschten Farben. Schwarz hat keine
Angst vor dem Verlust des Läuferpaares. Er will sich schnell entwickeln. Ribli.
} 5. Nd5 d6 {N Schwarz rettet nicht seinen Läufer, sondern stärkt das Zentrum.}
(5... Bc5 6. Bg2 O-O 7. O-O d6 8. e3 (8. d3 h6 9. e3 a6 $5 $146 10. b3 Ba7 11.
Bb2 Nxd5 12. cxd5 Ne7 13. Nd2 b5 14. Rc1 Bb7 15. e4 c6 16. dxc6 Nxc6 17. Nf3
Rc8 18. Qd2 Qf6 $15 {Khalifman,A-Short,N/Linares 1995/Inf 63 (18)}) 8... Bb6 9.
Nxb6 (9. b3 Nxd5 10. cxd5 Ne7 $11) 9... axb6 10. b3 Bg4 $1 $146 11. h3 Bh5 12.
d3 e4 $1 13. dxe4 Nxe4 14. Bb2 Re8 15. Qd5 $6 (15. g4 Bg6 16. Nd4 (16. Nd2 $2
Nc5 $17) (16. Qe2 $2 Nc5 17. Rfd1 Nb4) 16... Qh4 $13 {Almasi,Z}) 15... Ra5 $15
{Gulko,B-Almasi,Z/Groningen 1994/Inf 62 (17)}) (5... a5) (5... Nxd5 6. cxd5 Nd4
) 6. Nxb4 Nxb4 7. Bg2 (7. d3 O-O 8. a3 Nc6 9. Bg2 a5 10. b3 d5 11. cxd5 Nxd5
12. Bb2 f6 13. O-O Bg4 14. h3 Be6 (14... Bh5 $5) 15. e4 Nde7 16. Qc2 Qe8 17. d4
exd4 18. Nxd4 Nxd4 19. Bxd4 $14 {1/2-1/2 Hansen,C-Kindermann,S/Hamburg 1991/
CBM 24 (34)}) (7. d4 $5 $14 {Dieser Zug scheint logisch, denn Weiss besitzt
das Läuferpaar und möchte daher die Stellung öffnen.}) 7... O-O 8. O-O e4 9.
Ne1 Bf5 $11 {Weiss besitzt zwar das Läuferpaar, aber der c1-Läufer ist noch
nicht entwickelt und Schwarz verfügt über Raumvorteil.} (9... Re8 $11) 10. a3 (
10. b3 d5 11. cxd5 Qxd5 12. Bb2 $11) 10... Nc6 11. d3 (11. b4 a5 12. b5 Ne5 $13
) 11... Re8 {Schwarz nimmt nicht freiwillig auf d3, sondern entwickelt lieber
eine neue Figur.} (11... exd3 12. Nxd3 {[%csl Yd5][%cal Gd3f4,Gf4d5]}) 12. b3
$6 {Weiss möchte den schwarzfeldrigen Läufer in die lange Diagonale stellen,
aber dieser Zug schwächt den Damenflügel. Meines Erachtens wäre es besser, die
Situation im Zentrum sofort zu klären.} (12. dxe4 $5 Bxe4 (12... Nxe4 13. f3)
13. f3 Bg6 14. e4 $11) 12... d5 13. cxd5 Qxd5 {[%cal Gd5d1]} 14. Bb2 {Auf
ersten Blick scheint die Dame wegen des weissen Läufers g2 auf d5 schlecht zu
stehen, aber mit folgendem Zug verteidigt Schwarz alle weissen Drohungen.} Qe6
$15 {[%cal Ge8e2,Ga8d8,Gd8d1]} 15. dxe4 (15. d4 Rad8 16. e3 Bh3 $15 {[%cal
Gf6d5] Die Zentrumstellung ist geschlossen. Die Springer übernehmen daher
dieHauptrolle. Der b2-Läufer hat keine Zukunft.}) 15... Bxe4 16. Bxe4 (16. f3
$2 Bd5 {[%cal Re6b3,Re6e2]} 17. Bxf6 Bxb3 $19) 16... Nxe4 {[%cal Ge8e2]
Schwarz hat eine aktive Figurenstellung. Der Bauer b3 und die weissen Felder
sind schwach.} 17. Rc1 Rad8 18. Nd3 Ng5 {[%csl Rg1][%cal Re8e2]} 19. Re1 (19.
e3 $4 Qe4 $19 {[%csl Rd3,Rg1][%cal Rg5h3,Rh3g1]}) 19... Rd6 {Schwarz hat eine
sehr bequeme Stellung. Er entfaltet grossen positionellen Druck in der d- und
e-Linie.} 20. Qc2 Qe4 {[%cal Rg5h3,Rh3g1] Es droht 21...Nh3+ nebst 22...Qh1
Matt.} 21. h4 (21. f3 Qe3+ (21... Nxf3+ $4 22. exf3 $18 {[%cal Re1e8,Re8g8]})
22. Kh1 Ne6 $15) 21... Ne6 {[%csl Yd4][%cal Ge6d4,Gc6d4]} 22. Nb4 (22. Ne5 $5
Qxc2 23. Rxc2 Nxe5 24. Bxe5 Rd7 $11) 22... Qxc2 23. Nxc2 (23. Rxc2 Nxb4 24.
axb4 c6 $15 {Die weissen Bauern sind sehr schwach in der b-Linie.}) 23... Nc5
24. b4 $11 {Schwarz entfaltet etwas Aktivität, aber die weisse Stellung ist
gut verteidigungsfähig.} (24. Na1 Ne4 $15) 24... Nb3 {[%csl Gb3]} 25. Rb1 $6 (
25. Rcd1 $5 Rxd1 26. Rxd1 $11 Rxe2 $2 27. b5 Rxc2 28. bxc6 $18 {[%cal Rc6b7,
Rd1d8,Rd8g8]}) 25... h5 26. Ne3 (26. b5 Nca5 $15) 26... Nbd4 {[%csl Gd4]} 27.
Rbc1 $6 (27. b5 Nd8 (27... Nxb5 28. a4 Nbd4 29. Bxd4 Nxd4 30. Rxb7 $11) 28.
Bxd4 Rxd4 $11) 27... a6 {Schwarz verhindert den eventuelle Zug b4-b5.} 28. Kf1
Red8 {[%cal Gd8d2]} 29. Red1 f6 {Eine guter prophylaktischer Zug, der den
Läufer b2 einschränkt.} 30. Rd3 Ne6 31. Rxd6 Rxd6 32. Ke1 (32. Rd1 Rxd1+ 33.
Nxd1 Kf7 $11) 32... Kf7 33. Nc4 (33. Rd1 $11) 33... Rd7 34. e3 {Weiss
verhindert den Zug Nd4.} Ne7 {[%cal Ge7d5]} 35. Nd2 (35. e4 $6 Nc6 {[%csl Yd4]
[%cal Gc6d4,Ge6d4]}) 35... Nd5 36. Ke2 Nb6 {[%cal Gb6a4] Der Springer zielt
nach a4.} 37. Nb3 Na4 38. Ba1 c6 {Die weissen Bauern am Damenflügel sind
schwarzfeldrig festgelegt und Schwarz übt starke Kontrolle über die weissen
Felder aus.} 39. e4 Nc7 {[%cal Gc7b5,Gb5a3]} 40. Nd4 Nb5 41. Nc2 (41. Nxb5 axb5
$15 {[%cal Ga4b6,Gb6c4,Gc4a3]}) 41... c5 $15 (41... Nac3+ 42. Bxc3 Nxc3+ 43.
Ke3 $11) 42. bxc5 Nxc5 {[%csl Gb5,Gc5] Die schwarzen Springer stehen aktiv und
kontrollieren die wichtigsten Punkte.} 43. f3 Na4 {[%cal Gd7c7,Gc7c1] Schwarz
bereitet den Zug 44...Rc7 vor und der Springer muss auf c2 bleiben, sonst
verliert Weiss den a-Bauern.} 44. Rg1 Rc7 45. Kd2 Nd6 {[%cal Gd6c4,Gc4a3,Gc4d2]
} 46. Ne3 Nb5 47. e5 $6 {Weiss hat keine Geduld. Der Textzug hilft nur dem
Schwarzen.} (47. Nc2 Nc5 $15 {[%cal Gc5b3]}) 47... Rd7+ 48. Ke1 (48. Ke2 Nac3+
49. Bxc3 Nxc3+ 50. Ke1 fxe5 $17) 48... Rd3 $17 {[%csl Gd3][%cal Rd3a3,Rd3f3]
Der schwarze Turm steht ausgezeichnet auf d3. Weiss hat viele Schwächen und
verliert jetzt Material.} 49. Ke2 Rxa3 {Schwarz hat nicht nur einen Bauern
mehr, sondern auch aktives Figurenspiel. Weiss hat keine Konmpensation.} 50.
exf6 Nac3+ (50... gxf6 $17) 51. Kd2 gxf6 52. g4 {Weiss sucht Gegenspiel mit
seiner Bauernmehrheit am Königsflügel.} Nd4 $1 {[%cal Rd4f3,Rf3d2,Rf3g1]} 53.
Nc4 (53. Rf1 Nxf3+ 54. Rxf3 Ne4+ 55. Kc2 Rxa1 56. gxh5 Ra3 $17 (56... b5 $17))
53... Nxf3+ {[%cal Rf3d2,Rf3g1]} 54. Ke3 (54. Kd3 Rb3 55. Na5 (55. Nd2 Nxd2 56.
Kxd2 Ne4+ $19) 55... Rb5 $17) 54... Nd1+ {[%cal Rd1e3,Ra3e3]} 55. Kf4 (55. Ke4
Nf2+ 56. Kf4 Nxg1 57. Nxa3 Nxg4 $19) 55... Rxa1 (55... Nxg1 56. Nxa3 hxg4 57.
Kxg4 $17) 56. Kxf3 hxg4+ 57. Rxg4 (57. Kxg4 $4 Nf2+ $19 {[%cal Rf2g4,Ra1g1]})
57... b5 {[%csl Ga6,Gb5] Die beiden verbundenen Freibauern bieten dem
Schwarzen sehr gute Gewinnchancen.} 58. Nd6+ Ke6 59. Nb7 {[%cal Gb7c5,Gc5e6]}
Nc3 60. Rd4 (60. Nc5+ Kd5 61. Nd7 f5 $19) 60... a5 61. Nc5+ Kf5 62. Ke3 {
Der weisse König geht zum Damenflügel, um die Freibauern zu bekämpfen.} Rh1 {
[%cal Gh1h3,Gh3e3]} 63. Kd3 Rh3+ 64. Kc2 b4 65. Nd3 (65. Nb3 a4 66. Nc5 (66.
Rxb4 axb3+ 67. Rxb3 Rh2+ (67... Kg4 68. Rxc3 Rxc3+ 69. Kxc3 Kxh4 $19) 68. Kxc3
Rh3+ 69. Kc2 Rxb3 70. Kxb3 Kg4 $19 {Das Bauernendspiel ist leicht für Schwarz
gewonnen.}) 66... b3+ $19) 65... Rh2+ 66. Kb3 Rd2 {[%cal Gd2d4]} 67. Kc4 (67.
Rf4+ Kg6 $17) 67... Rd1 68. Rf4+ Kg6 (68... Ke6 $17 {Nach dem 70. weissen Zug
erreichen wir diese Stellung.}) 69. Rg4+ Kf7 70. Rf4 Ke6 71. h5 Rh1 {[%csl Rh5]
[%cal Rh1h5]} 72. Nc5+ Ke7 73. Rd4 (73. Rf5 Rh4+ 74. Kb3 Rh3 75. Kc4 Nd1 $44)
73... Rxh5 $19 {Schwarz hat drei Mehrbauern und muß leicht gewinnnen.} 74. Rd7+
Ke8 75. Ra7 Rxc5+ $1 {Eine schöne Vereinfachung, die sofort gewinnt.} 76. Kxc5
b3 {[%cal Rb3b2,Rb2b1]} 77. Rb7 b2 {[%cal Rb2b1]} (77... b2 78. Rxb2 Na4+ $19 {
[%cal Ra4b2,Ra4c5] Weiss gab auf.}) 0-1

[Event "RUS-chT 11th"]
[Site "Sochi"]
[Date "2004.04.26"]
[Round "7.3"]
[White "Malakhov, Vladimir"]
[Black "Ivanov, Sergey"]
[Result "1/2-1/2"]
[WhiteElo "2695"]
[BlackElo "2546"]
[Annotator "Ribli,Z"]
[PlyCount "102"]
[EventDate "2004.04.20"]
[EventType "team-tourn"]
[EventRounds "9"]
[EventCountry "RUS"]
[SourceTitle "EXT 2020"]
[Source "ChessBase"]
[SourceDate "2019.10.17"]
[SourceVersion "1"]
[SourceVersionDate "2019.10.17"]
[SourceQuality "1"]
[WhiteTeam "Norilsk Norilsky Nikel"]
[BlackTeam "Sankt Petersburg"]
[WhiteTeamCountry "RUS"]
[BlackTeamCountry "RUS"]

1. c4 e5 2. Nc3 Nf6 3. Nf3 Nc6 4. g3 Bb4 5. Bg2 O-O 6. O-O e4 {Das ist der
gewöhnliche Zug, aber 6...Re8 ist eine spielbare Alternative.} 7. Ne1 {Dieser
Springerzug führt zu ruhigem positionellen Spiel. 7.Ng5 ist auch möglich und
führt zu konkretem Kampf, besonders nach 7...Bxc3 8.bxc3 Re8 9.f3.} Bxc3 8.
dxc3 h6 9. Nc2 {[%csl Yd5][%cal Gc2e3,Ge3d5] Weiß hat das Läuferpaar, aber die
Stellung trägt geschlossenen Charakter. Der weiße Springer zielt auf das Feld
d5.} b6 (9... Re8 10. Ne3 d6) 10. Ne3 Bb7 11. Nd5 Ne5 12. b3 Re8 13. f3 {
Verständlicher Weise möchte Weiß die Stellung für sein Läuferpaar öffnen.} Bxd5
(13... exf3 14. exf3 Nxd5 15. cxd5 d6 $11 (15... Qf6 16. f4 Ng6 17. Bb2 Re3 18.
Qd2 Rae8 19. Rae1 Rxe1 20. Rxe1 Rxe1+ 21. Qxe1 Qd8 $14)) 14. cxd5 exf3 15. exf3
Qe7 16. d6 $5 {[%mdl 512] Weiß opfert einen Bauern aber verschlechtert die
schwarze Bauernstruktur.} (16. Qd4 c5 17. dxc6 dxc6 $11 18. f4 Neg4 19. Bxc6 $2
Rad8 20. Qc4 Rc8 $19 {[%csl Rc6][%cal Rc8c4]}) 16... Qxd6 (16... cxd6 17. Ba3
$14) 17. Qxd6 cxd6 18. f4 $44 (18. Rd1 Rac8 19. Bb2 d5 $11) 18... Nc6 19. c4 (
19. Rd1 d5 20. Bxd5 Nxd5 21. Rxd5 Re1+ 22. Kf2 Rae8 $36) 19... d5 $1 $11 {
Schwarz opfert den Bauern zurück und gleicht das Spiel auch.} 20. cxd5 Nb4 21.
d6 {Der d6P ist scheinbar stark, aber später kann er eine Schwäche sein.} (21.
Bb2 Ng4 $132) 21... Rac8 22. Bd2 Nd3 23. Rf3 Nc5 24. Bb4 Re4 25. Be1 $6 {
Dieser Läuferzug scheint mir etwa zu passiv zu sein.} (25. Ba3 Rd4 26. Rc3 Re8
27. Bxc5 bxc5 28. Rxc5 Rxd6 $11) 25... Rd4 26. Rc1 Re8 27. Bf1 (27. Bf2 Rxd6
28. Bxc5 bxc5 29. Rxc5 Rd2 $36) 27... Rxd6 28. b4 {[%cal Gf3a3,Ga3a7] Das ist
die weiße Idee - es hängt der c5N und Weiß kann mit Ra3 den a7-Bauern
angreifen.} Rde6 (28... Nce4 29. Ra3 $36) 29. Bc3 Nce4 30. Bxf6 Nxf6 31. Ra3 {
[%cal Ra3a7]} Re1 $1 {[%cal Ge8e1] Schwarz beschaeftigt sich nicht mit dem
a-Bauern, er strebt nach Gegenspiel.} (31... Ra8 32. b5 $44) 32. Rxe1 Rxe1 33.
Rxa7 {[%mdl 4096]} Rb1 $15 {[%csl Gb1,Rf1,Rg1][%cal Gb1g1,Gb1b4] Schwarz steht
aktiver, der b1R steht ausgezeichnet und der weiße Läufer ist auf der
Grundlinie gefesselt.} 34. b5 (34. a3) 34... Kf8 {Statt konkrete Aktionen zu
starten bringt Schwarz bringt seinen König ins Zentrum.} (34... Ng4 $5 35. Ra8+
(35. Ra3 Nxh2 36. Kxh2 Rxf1 37. Ra8+ Kh7 38. Ra6 Ra1 39. Rxb6 Rxa2+ 40. Kh3 $15
) 35... Kh7 36. Re8 d5 $17 (36... Nxh2 37. Kxh2 Rxf1 38. Rb8 Rf2+ 39. Kh3 Rxa2
40. Rxb6 Rb2 41. Rd6 Rxb5 42. Rxd7 $15)) 35. Kg2 Ke7 (35... Rb2+ 36. Kf3 Rxh2
37. Ra6 $132) 36. h3 Nd5 37. Bd3 Rd1 38. Be2 Rd2 39. Kf3 Nc3 40. Bc4 Rd4 41.
Bf1 Kd6 (41... Rb4 $17 {[%csl Rb5][%cal Rc3b5]}) 42. Rb7 Rd1 (42... Kc5 $5) 43.
Be2 Rd2 44. Bf1 (44. Bc4 Kc5 (44... f5 45. Ke3 $11) 45. Rc7+ Kd6 46. Rb7 $11)
44... Na4 45. Bc4 f6 46. Ke3 Rg2 47. Kf3 Rc2 48. Bf7 (48. Bb3 $2 Rc3+ 49. Kg4
Nc5 $17 50. Rxb6+ Kc7 $19 {[%csl Rb6]}) 48... Rc3+ 49. Kg2 Rc2+ (49... Rc7 $1
50. Rb8 (50. Rxc7 Kxc7 $17) 50... Kc5 51. Bb3 Nc3 52. a4 d5 $17) 50. Kf3 Rc3+
51. Kg2 Rc2+ (51... Rc7 $1) 1/2-1/2